| 000 | 00892nam a22002897a 4500 | ||
|---|---|---|---|
| 001 | 00260 | ||
| 003 | DO-SdBNP | ||
| 005 | 20151105150827.0 | ||
| 008 | 151105b 1982 sp xxu||||| |||| 00| 0 spa d | ||
| 020 | _a8475250173 | ||
| 040 |
_aBPMSU _bspa _cBPMSU |
||
| 092 |
_axxxxx _bxxxxx |
||
| 100 | 1 | _aDefoe, Daniel, | |
| 245 | 1 | 0 |
_aRobinson Crusoe / _6Daniel Defoe ; traducción Martha Eguía ; apéndice Emilio Pascual ; ilustración J.J. Grandville. |
| 260 |
_aMadrid : _bAnaya, _c1982. |
||
| 300 |
_a326 p. : _bil. ; _c20 cm. |
||
| 490 | 1 |
_aTus libros _v22 |
|
| 490 | 1 | _aAventuras | |
| 500 | _aIncluye referencias bibliográficas y notas al pie de las páginas. | ||
| 700 |
_aEguía, Martha, _etr. |
||
| 700 | _a Pascual, Emilio | ||
| 700 |
_aGrandville, J. J., _eil. |
||
| 830 | 0 |
_aTus libros _n22 |
|
| 830 | 0 | _aAventuras | |
| 942 |
_2ddc _cBK |
||
| 956 | _2Lorenza Pérez | ||
| 999 |
_c8582 _d8582 |
||